| 000 | 00621cam a2200217 4500 | ||
|---|---|---|---|
| 001 | D15665 | ||
| 008 | 090401t1978 xxu||||| |||| 00| 0 eng d | ||
| 035 | _a(Sirsi) u24438 | ||
| 041 | _aeng | ||
| 050 | _a526.99 | ||
| 100 | _aSimpson, P. | ||
| 245 | _aMarine geophysical surveys | ||
| 260 |
_bRICS _c1978 |
||
| 300 | _a16p. 9. 31cm. table. diagrs | ||
| 350 | _a0 | ||
| 520 | _aFiled in Box 1978/60A; Paper given to a general meeting of the Land Surveyor Division, Dec 1978 | ||
| 710 |
_aRoyal Institution of Chartered Surveyors _94900 |
||
| 710 | _aLand Surveyors Division | ||
| 942 | _n0 | ||
| 948 | _c04/03/1997 | ||
| 999 |
_c88545 _d88545 |
||